Disinformation in Central Europe : Actors, structure, impact
Saved in:
| Other Authors | , |
|---|---|
| Format | Electronic eBook |
| Language | English |
| Published |
Cham :
Springer Nature Switzerland : Imprint: Palgrave Macmillan,
2025.
|
| Edition | 1st ed. 2025. |
| Subjects | |
| Online Access | Full text |
| ISBN | 9783031768712 9783031768705 |
| Physical Description | 1 online zdroj (XX, 303 stran) : ilustrace |
Cover
| LEADER | 00000nam a2200000 i 4500 | ||
|---|---|---|---|
| 001 | 114071 | ||
| 003 | CZ-ZlUTB | ||
| 005 | 20260520142435.0 | ||
| 006 | m o d | ||
| 007 | cr ||||||||||| | ||
| 008 | 250508s2025 sz eo ||| 0 eng d | ||
| 020 | |a 9783031768712 |q (electronic bk.) | ||
| 020 | |z 9783031768705 | ||
| 024 | 7 | |a 10.1007/978-3-031-76871-2 |2 doi | |
| 040 | |a EBZ |b eng |c EBZ |e rda | ||
| 043 | |a ec----- | ||
| 072 | 7 | |a 316.4/.7 |x Sociální interakce. Sociální komunikace |2 Konspekt |9 18 | |
| 080 | |a 316.776-021.191 |2 MRF | ||
| 080 | |a 316.774:316.776.33 |2 MRF | ||
| 080 | |a (4-191.2) |2 MRF | ||
| 080 | |a (0.034.2:08) |2 MRF | ||
| 080 | |a (082) |2 MRF | ||
| 245 | 0 | 0 | |a Disinformation in Central Europe : |b Actors, structure, impact / |c edited by Michał Wenzel, Karina Stasiuk-Krajewska. |
| 250 | |a 1st ed. 2025. | ||
| 264 | 1 | |a Cham : |b Springer Nature Switzerland : |b Imprint: Palgrave Macmillan, |c 2025. | |
| 300 | |a 1 online zdroj (XX, 303 stran) : |b ilustrace | ||
| 336 | |a text |b txt |2 rdacontent | ||
| 337 | |a počítač |b c |2 rdamedia | ||
| 338 | |a online zdroj |b cr |2 rdacarrier | ||
| 504 | |a Obsahuje bibliografické odkazy | ||
| 506 | |a Plný text je dostupný pouze z IP adres počítačů Univerzity Tomáše Bati ve Zlíně nebo vzdáleným přístupem pro zaměstnance a studenty | ||
| 650 | 0 | 7 | |a dezinformace |7 ph138026 |z Evropa střední |2 czenas |
| 650 | 0 | 7 | |a vliv médií |7 ph489477 |z Evropa střední |2 czenas |
| 650 | 0 | 9 | |a disinformation |z Europe, Central |2 eczenas |
| 650 | 0 | 9 | |a media influence |z Europe, Central |2 eczenas |
| 655 | 7 | |a elektronické knihy |7 fd186907 |2 czenas | |
| 655 | 7 | |a sborníky |7 fd163935 |2 czenas | |
| 655 | 9 | |a electronic books |2 eczenas | |
| 655 | 9 | |a papers of several authors |2 eczenas | |
| 700 | 1 | |a Wenzel, Michał. |e editor. |4 edt | |
| 700 | 1 | |a Stasiuk-Krajewska, Karina. |e editor. |4 edt | |
| 776 | 0 | 8 | |i Print version: |z 9783031768705 |
| 856 | 4 | 0 | |u https://search.ebscohost.com/login.aspx?direct=true&scope=site&db=nlebk&db=nlabk&AN=4204479&authtype=ip,shib&custid=s3936755 |
| 942 | |2 udc | ||
| 992 | |c EBOOK-TN |c EBSCO | ||
| 993 | |x NEPOSILAT |y EIZ | ||
| 999 | |c 114071 |d 114071 | ||